000 02451nam0a2200397 4500
001 RU\NLR\BIBL_A\016225113
005 20230125173300.0
010 _a978-5-0054-1055-9
_91000
021 _aRU
_bКН-П-22-077094
_9КН-П-22-6738
035 _a(NLR Aleph) 016225113
090 _a12750293
_c12750293
100 _a20221201d2023 u y0rusy50 ca
101 0 _arus
_aeng
102 _aRU
105 _aa|||jzzz000zy
181 0 _ai3
_baxxe
182 0 _an
200 1 _aАнглийский язык для специалистов сферы общественного питания
_dEnglish for cooking and catering
_eучебник
_eдля использования в образовательном процессе образовательных организаций, реализующих программы СПО по специальности "Технология продукции общественного питания"
_fН. И. Щербакова, Н. С. Звенигородская
_zeng
203 _aТекст
_bвизуальный
_cнепосредственный
205 _a17-е изд., стер.
210 _aМосква
_cАкадемия
_d2023 [т. е. 2022]
215 _a319 с.
_cил., цв. табл.
_d22
225 1 _aПрофессиональное образование
_iТехнология продовольственных товаров
300 _aКн. фактически издана в 2022 г.
320 _aБиблиогр.: с. 317 (18 назв.)
510 1 _6z22790
_aEnglish for cooking and catering
_zeng
606 1 _aАнглийский язык
_xУчебные издания для специалистов в области общественного питания
_92573989
_3RU\NLR\AUTH\661521992
686 1 _aШ143.21-93рус227
700 1 _7ca
_8rus
_aЩербакова
_bН. И.
_cфилолог
_f1952-
_gНина Ивановна
_941473
_3RU\NLR\AUTH\7758541
701 1 _7ca
_8rus
_aЗвенигородская
_bН. С.
_gНаталия Семеновна
_941475
_3RU\NLR\AUTH\7758543
790 1 _6z22
_7ba
_8rus
_aŠčerbakova
_bN. I.
_cфилолог
_f1952-
_gNina Ivanovna
_941476
_3RU\NLR\auth\7758544
790 1 _6z22
_6z22510
_7ba
_8rus
_aZvenigorodskaja
_bN. S.
_gNatalija Semenovna
_941477
_3RU\NLR\auth\7758545
942 _cBOOK
980 _aNB